Seguros y finanzas para la familia

Detalles Bibliográficos
Autor principal: Meja̕ Delgado, Hernǹ
Formato: eBook
Lenguaje:español
Publicado: Bogot ̀: ECOE, 2012
Materias:
Acceso en línea:http://www.vlex.com/source/6867

MARC

LEADER 00000nam a22000007a 4500
005 20130121162231.0
007 cr|||| ||||
008 130121e2012 ck |||||s|||| 00||0 spa d
020 |a 9586487830 
035 |a 6867 
040 |a vLex 
090 |c 3564  |d 3564 
100 1 0 |a Meja̕ Delgado, Hernǹ 
245 1 0 |a Seguros y finanzas para la familia  |h [Recurso electrn̤ico] 
256 |a Servicio en ln̕ea 
260 |a Bogot ̀:  |b ECOE,   |c 2012  
300 |a 1 Recurso electrn̤ico 
650 0 4 |a Seguros  |z Colombia 
650 0 4 |a Derecho fiscal  |z Colombia 
650 0 4 |a Banca y finanzas  |z Colombia 
740 |a vLex Libros (Servicio en ln̕ea) 
856 |a Acceso restringido  |u http://www.vlex.com/source/6867 
942 |c BOOK 
999 0 |a Insaurance